Регионална библиотека "Любен Каравелов" - Русе

Дворжак в Америка (Запис номер 22425)

MARC детайли
000 -Лидер
Контролно поле с фиксирана дължина 01763nam a2200433 a 4500
003 - Код на организацията, давaща контролен номер
Контролно поле BLK
005 - Дата и час на последна редакция
Контролно поле 20240826094035.0
008 - Елементи от данни с фиксирана дължина
fixed length control field 180413b bul|||||r ||||||| ||bul||
010 ## - Наследен системен номер
LC control number KNG00024790000
040 ## - Източник на каталожния запис
Идентификатор на билиотеката - собственик на записа BLK
041 ## - Код за език
Код за езика на текст/звукозапис или на отделно заглавие Български
Код за езика КДБФ Български
080 ## - УДК
Текстов определител УДК Музиканти-творци, композитори
УДК код - определител по УДК 78.071.1
УДК определител (437.1)(092)
УДК - код + определител 78.071.1(437.1)(092)
080 ## - УДК
Текстов определител УДК Чешки композитор
УДК код - определител по УДК 929 Дворжак, Антонин Леополд
УДК - код + определител 929 Дворжак, Антонин Леополд
100 1# - Редна дума - Автор
Автор Иванов, Мирослав
Авторска отговорност първи автор
R(LIN) 266370
139 ## - Редно поле
Редна дума Иванов, Мирослав
Авторски знак Дво - Д 29
245 10 - Сведения за заглавието
Заглавие Дворжак в Америка
Редно поле (дума) Мирослав Иванов; прев. от чеш. Димитър Тилев.
257 ## - Страна на издаване
Страна на създаване/издаване Чехословакия
260 ## - Област на издателските данни
Име на издателя, разпространителя и проч. Музика
Година на издаване 1990
Място на издаване, разпространение и проч. София
300 ## - Физическа характеристика
Страници 360 с., 8 с.
Илюстрации и др. с ил.
Размери/Мащаб 20 см
380 ## - Жанр
Жанр Изкуство
500 ## - Общи забележки
Забележка Ориг. загл. A Dvorak Novosvetska / Miroslav Ivanov
600 14 - Име на лице, използвано като предмет
За него / За нея Дворжак, Антонин
Свързани дати 1841 - 1904
Пълна форма на името Дворжак, Антонин Леополд
9 (RLIN) 59121
650 #4 - Допълнително описание по предмет – тема
Основно описание – тема или топоним Композитори - биографии
9 (RLIN) 246095
650 #4 - Допълнително описание по предмет – тема
Основно описание – тема или топоним Композитори, чешки
9 (RLIN) 266373
650 #4 - Допълнително описание по предмет – тема
Основно описание – тема или топоним Дворжак, Антонин
9 (RLIN) 266372
651 #4 - Допълнително описание по предмет - топоним
Географско понятие Чехия
9 (RLIN) 179785
653 ## - Ключова дума – ненормативна
Ключова дума композитори
653 ## - Ключова дума – ненормативна
Ключова дума биографии
653 ## - Ключова дума – ненормативна
Ключова дума Чехия
653 ## - Ключова дума – ненормативна
Ключова дума Антонин Дворжак
700 1# - Други автори (авторска отговорност)
Лично име Тилев, Димитър
Автороска отговорност (Описва отношението между автора и произведението) прев. от чеш.
9 (RLIN) 266371
852 ## - Местоположение
Форматна сигнатура Цб 163098
Фондова буква Хранилище
856 4# - Електронен адрес и достъп
Електронен формат pdf - файл
Път до файла /url/
856 4# - Електронен адрес и достъп
Електронен формат pdf - файл
Път до файла /url/
942 ## - АРТИКУЛИ
Вид на библиотечния материал Книги
Скрит в OPAC Не
944 ## - СЪЗДАВАНЕ И РЕДАКЦИЯ на ЗАПИСА
Създаване/Редакция Създаване
Дата на регистрацията/редакция 09.06.2011
Статус, дата на статуса Геновева Генчева
Служител, извършил регистрацията/редакцията 30560
944 ## - СЪЗДАВАНЕ И РЕДАКЦИЯ на ЗАПИСА
Създаване/Редакция Редакция
Дата на регистрацията/редакция 11.07.2023
Служител, извършил регистрацията/редакцията ир
999 ## - СИСТЕМНИ КОНТРОЛНИ НОМЕРА
Koha biblionumber 22425
Koha biblioitemnumber 22425
999 ## - СИСТЕМНИ КОНТРОЛНИ НОМЕРА
Koha biblioitemnumber 22425
Наличности
Код за отписване Код за изгубен артикул Източник на класификационната схема Код за повреда Коз за рестрикции Код за отдаване Артикулен № Име на библиотеката - собственик Име на библиотеката, в която се намира в момента Статус (Текущо местоположение) Дата на вписване в системата Местоположение - отдел Цена в лева Инвентарен номер Систематично азбучна сигнатура Баркод Номер на екземпляра Цена в евро Служебна бележка Служебен тип на артикула
  Не е изгубен Universal Decimal Classification Не е повреден без рестрикции заемане за дома 37017 Регионална библиотека "Любен Каравелов" Русе Регионална библиотека "Любен Каравелов" Русе Отдел Изкуство - подръчен фонд 1990-01-01 Отдел Изкуство - подръчен фонд 2.70 535244 78.071.1(092)/Д 29 120000535244 1 1.38 N: стар фонд Дата: 01.01.1990 Дата инв: 20.06.2012 Бележки инв: Книги
Изтеглен Не е изгубен Universal Decimal Classification Не е повреден без рестрикции заемане за дома 37018 Регионална библиотека "Любен Каравелов" Русе Регионална библиотека "Любен Каравелов" Русе Отдел Изкуство - подръчен фонд 1990-01-01 Отдел Изкуство - подръчен фонд 2.70 535242 78.071.1(092)/Д 29 535242 2 1.38 Дост: Pk Вид: Ф N: стар фонд Дата: 01.01.1990 Дата инв: 03.04.2017 Бележки инв: ИП2017 Книги
Изтеглен Не е изгубен Universal Decimal Classification Не е повреден без рестрикции заемане за дома 37019 Регионална библиотека "Любен Каравелов" Русе Регионална библиотека "Любен Каравелов" Русе Отдел Изкуство - подръчен фонд 1990-01-01 Отдел Изкуство - подръчен фонд 2.70 535243 78.071.1(092)/Д 29 535243 3 1.38 Дост: Pk Вид: Ф N: стар фонд Дата: 01.01.1990 Дата инв: 03.04.2017 Бележки инв: ИП2017 Книги
  Не е изгубен Universal Decimal Classification Не е повреден само за читалня ползва се в читалня 37020 Регионална библиотека "Любен Каравелов" Русе Регионална библиотека "Любен Каравелов" Русе Хранилище 1990-01-01 Хранилище 2.70 534565 Цб 163098 120000534565 4 1.38 Дост: Dp Вид: Д N: сф Дата: 01.01.1990 Книги
Vip Innovations Ltd, Rousse, Bulgaria 2025